000 00651nam a2200241Ia 4500
003 OSt
005 20220918163646.0
006 a|||||r|||| 00| 0
007 ta
008 220917b |||||||| |||| 00| 0 eng d
020 _a0195650735 (hbk)
024 _a160,763
037 _cTextual
040 _aARTS
_cARTS
_beng
041 _2eng
_aeng
082 _aV44Q73.N9, N8
100 _aTalbot Ian
_914345
245 0 _aPakistan
_b a modern history Ian Talbot
260 _aNew Delhi
_bOxford University Press
_c1998
300 _axvi, 432p.
_ccm.
942 _hV44Q73.N9, N8
_cTEXL
_2CC
999 _c120605
_d120605